[Event "Fredericia - Siauliai"]
[Site "Fredericia"]
[Date "2015.05.05"]
[Round "1.1"]
[White "Fries Nielsen, IM Jens Ove"]
[Black "Nielsen, GM Peter Heine"]
[Result "0-1"]
[BlackElo "2654"]
[WhiteElo "2459"]
[LiveChessVersion "1.4.6"]

1. Nf3 {[%clk 0:25:12]} c5 {[%clk 0:25:14]} 2. g3 {[%clk 0:25:20]} Nc6
{[%clk 0:25:20]} 3. Bg2 {[%clk 0:25:28]} g6 {[%clk 0:25:27]} 4. O-O
{[%clk 0:25:35]} Bg7 {[%clk 0:25:34]} 5. d3 {[%clk 0:25:43]} Nf6 {[%clk 0:25:23]}
6. Nc3 {[%clk 0:25:23]} O-O {[%clk 0:24:51]} 7. h4 {[%clk 0:25:15]} d5
{[%clk 0:24:46]} 8. Bf4 {[%clk 0:25:23]} d4 {[%clk 0:22:31]} 9. Na4
{[%clk 0:25:17]} Nd7 {[%clk 0:21:37]} 10. Ng5 {[%clk 0:23:49]} e5
{[%clk 0:20:59]} 11. Bd2 {[%clk 0:23:57]} Qc7 {[%clk 0:19:53]} 12. c4
{[%clk 0:23:09]} h6 {[%clk 0:19:08]} 13. Ne4 {[%clk 0:22:15]} b6 {[%clk 0:19:10]}
14. g4 {[%clk 0:22:21]} Bb7 {[%clk 0:17:44]} 15. g5 {[%clk 0:22:29]} h5
{[%clk 0:16:39]} 16. f4 {[%clk 0:22:03]} f5 {[%clk 0:16:12]} 17. gxf6
{[%clk 0:22:11]} Nxf6 {[%clk 0:16:19]} 18. Ng5 {[%clk 0:22:05]} Rae8
{[%clk 0:15:48]} 19. f5 {[%clk 0:21:30]} gxf5 {[%clk 0:15:00]} 20. Rxf5
{[%clk 0:21:38]} Qd7 {[%clk 0:11:28]} 21. Rxf6 {[%clk 0:17:37]} Bxf6
{[%clk 0:10:59]} 22. Bd5+ {[%clk 0:17:11]} Kg7 {[%clk 0:10:55]} 23. e4
{[%clk 0:13:28]} Bxg5 {[%clk 0:08:39]} 24. Bxg5 {[%clk 0:13:37]} Kg6
{[%clk 0:07:54]} 25. Kg2 {[%clk 0:13:22]} Bc8 {[%clk 0:06:39]} 26. Kg1
{[%clk 0:10:53]} Nb4 {[%clk 0:06:21]} 27. b3 {[%clk 0:08:31]} Qh3
{[%clk 0:06:09]} 28. Qe2 {[%clk 0:08:23]} Rf3 {[%clk 0:06:08]} 29. Qh2
{[%clk 0:08:32]} Qg4+ 0-1

[Event "Fredericia - Siauliai"]
[Site "Fredericia"]
[Date "2015.05.05"]
[Round "1.2"]
[White "Narmontas, IM Matas"]
[Black "Friis, FM Carsten Bank"]
[Result "1-0"]
[BlackElo "2255"]
[WhiteElo "2427"]
[LiveChessVersion "1.4.6"]

1. e4 {[%clk 0:25:18]} c6 {[%clk 0:25:19]} 2. d4 {[%clk 0:25:26]} d5
{[%clk 0:25:28]} 3. e5 {[%clk 0:25:35]} Bf5 {[%clk 0:25:36]} 4. Be3
{[%clk 0:25:41]} e6 {[%clk 0:25:42]} 5. Nd2 {[%clk 0:25:48]} h6 {[%clk 0:25:50]}
6. Ngf3 {[%clk 0:24:47]} Nd7 {[%clk 0:25:50]} 7. Nb3 {[%clk 0:24:55]} g5
{[%clk 0:25:57]} 8. h3 {[%clk 0:24:13]} Ne7 {[%clk 0:25:53]} 9. Be2
{[%clk 0:24:14]} Qc7 {[%clk 0:26:00]} 10. c4 {[%clk 0:22:15]} dxc4
{[%clk 0:25:34]} 11. Bxc4 {[%clk 0:22:24]} Nb6 {[%clk 0:25:36]} 12. Be2
{[%clk 0:22:07]} Ned5 {[%clk 0:25:37]} 13. O-O {[%clk 0:21:41]} O-O-O
{[%clk 0:25:00]} 14. Rc1 {[%clk 0:21:44]} Nxe3 {[%clk 0:18:20]} 15. fxe3
{[%clk 0:21:53]} Nd5 {[%clk 0:18:29]} 16. Kf2 {[%clk 0:21:58]} f6
{[%clk 0:18:37]} 17. Nbd2 {[%clk 0:10:21]} fxe5 {[%clk 0:12:56]} 18. Nxe5
{[%clk 0:08:23]} Bd6 {[%clk 0:11:01]} 19. Ndc4 {[%clk 0:08:25]} Rhf8
{[%clk 0:11:03]} 20. Bf3 {[%clk 0:08:30]} Bxe5 {[%clk 0:09:04]} 21. Nxe5
{[%clk 0:08:37]} h5 {[%clk 0:07:01]} 22. Ke2 {[%clk 0:05:51]} g4 {[%clk 0:07:01]}
23. hxg4 {[%clk 0:05:56]} hxg4 {[%clk 0:07:10]} 24. Bxd5 {[%clk 0:06:04]} exd5
{[%clk 0:07:14]} 25. Qa4 {[%clk 0:05:36]} Qb6 {[%clk 0:06:27]} 26. Rxf5
{[%clk 0:01:38]} Rxf5 {[%clk 0:06:34]} 27. Nxc6 {[%clk 0:01:47]} Rdf8
{[%clk 0:05:51]} 28. Ne5+ {[%clk 0:01:46]} Qc7 {[%clk 0:05:30]} 29. Qd7+
{[%clk 0:01:50]} 1-0

[Event "Fredericia - Siauliai"]
[Site "Fredericia"]
[Date "2015.05.05"]
[Round "2.1"]
[White "Narmontas, IM Matas"]
[Black "Fries Nielsen, IM Jens Ove"]
[Result "1-0"]
[BlackElo "2459"]
[WhiteElo "2427"]
[LiveChessVersion "1.4.6"]

1. e4 {[%clk 0:25:18]} d6 {[%clk 0:25:17]} 2. d4 {[%clk 0:25:26]} a6
{[%clk 0:25:25]} 3. f4 {[%clk 0:24:34]} d5 {[%clk 0:25:00]} 4. exd5
{[%clk 0:23:27]} Qxd5 {[%clk 0:24:41]} 5. c4 {[%clk 0:21:40]} Qe4+
{[%clk 0:23:49]} 6. Ne2 {[%clk 0:21:34]} Nf6 {[%clk 0:23:39]} 7. Nbc3
{[%clk 0:21:39]} Qg6 {[%clk 0:23:45]} 8. Be3 {[%clk 0:21:15]} h5 {[%clk 0:23:35]}
9. Qd2 {[%clk 0:20:24]} h4 {[%clk 0:23:23]} 10. O-O-O {[%clk 0:19:06]} Nc6
{[%clk 0:22:43]} 11. d5 {[%clk 0:17:19]} Nb4 {[%clk 0:22:11]} 12. a3
{[%clk 0:17:12]} a5 {[%clk 0:21:18]} 13. Nd4 {[%clk 0:16:42]} h3 {[%clk 0:18:48]}
14. Rg1 {[%clk 0:12:20]} Na6 {[%clk 0:16:34]} 15. gxh3 {[%clk 0:11:07]} Qh7
{[%clk 0:16:41]} 16. Bd3 {[%clk 0:10:19]} Qxh3 {[%clk 0:16:48]} 17. f5
{[%clk 0:10:12]} Qxh2 {[%clk 0:15:02]} 18. Rg2 {[%clk 0:10:21]} Qh5
{[%clk 0:15:03]} 19. Ncb5 {[%clk 0:09:11]} Bd7 {[%clk 0:14:46]} 20. Bf4
{[%clk 0:08:42]} c6 {[%clk 0:14:26]} 21. dxc6 {[%clk 0:08:19]} bxc6
{[%clk 0:14:35]} 22. Rh2 {[%clk 0:07:57]} Qg4 {[%clk 0:13:41]} 23. Rxh8
{[%clk 0:08:04]} cxb5 {[%clk 0:13:51]} 24. Be2 {[%clk 0:07:53]} Qg2
{[%clk 0:13:48]} 25. Rh2 {[%clk 0:07:52]} Qb7 {[%clk 0:13:46]} 26. Bf3
{[%clk 0:07:58]} Ne4 {[%clk 0:13:52]} 27. Qe3 {[%clk 0:07:48]} Nac5
{[%clk 0:13:45]} 28. Re2 {[%clk 0:07:11]} Rc8 {[%clk 0:13:37]} 29. Bxe4
{[%clk 0:07:06]} Nxe4 {[%clk 0:13:46]} 30. Qxe4 {[%clk 0:05:27]} Rxc4+
{[%clk 0:13:52]} 31. Kd2 {[%clk 0:05:32]} Qxe4 {[%clk 0:13:31]} 32. Rxe4
{[%clk 0:05:41]} Bxf5 {[%clk 0:13:41]} 33. b3 {[%clk 0:05:47]} Bxe4
{[%clk 0:13:10]} 34. bxc4 {[%clk 0:05:56]} bxc4 {[%clk 0:13:19]} 35. Kc3
{[%clk 0:05:47]} f6 {[%clk 0:13:15]} 36. Ne6 {[%clk 0:05:43]} Bd3
{[%clk 0:13:24]} 37. Nxf8 {[%clk 0:05:24]} Kxf8 {[%clk 0:13:34]} 38. Bc7
{[%clk 0:05:14]} a4 {[%clk 0:13:42]} 39. Kb4 {[%clk 0:05:23]} e5 {[%clk 0:13:50]}
40. Rc1 {[%clk 0:05:21]} g5 {[%clk 0:13:54]} 41. Kxa4 e4 42. Kb4 {[%clk 0:05:15]}
f5 {[%clk 0:14:13]} 43. a4 {[%clk 0:05:15]} f4 {[%clk 0:14:23]} 44. a5
{[%clk 0:05:09]} e3 {[%clk 0:14:31]} 45. a6 {[%clk 0:05:02]} Be4 {[%clk 0:14:17]}
46. Bd8 {[%clk 0:04:55]} f3 {[%clk 0:13:36]} 47. Bxg5 {[%clk 0:04:57]} e2
{[%clk 0:13:42]} 48. Bh4 {[%clk 0:05:04]} 1-0

[Event "Fredericia - Siauliai"]
[Site "Fredericia"]
[Date "2015.05.05"]
[Round "2.2"]
[White "Friis, FM Carsten Bank"]
[Black "Nielsen, GM Peter Heine"]
[Result "0-1"]
[BlackElo "2654"]
[WhiteElo "2255"]
[LiveChessVersion "1.4.6"]

1. d4 {[%clk 0:25:18]} Nf6 {[%clk 0:25:12]} 2. c4 {[%clk 0:25:24]} g6
{[%clk 0:25:21]} 3. Nc3 {[%clk 0:25:33]} d5 {[%clk 0:25:29]} 4. Bg5
{[%clk 0:25:42]} Bg7 {[%clk 0:25:37]} 5. Bxf6 {[%clk 0:25:47]} Bxf6
{[%clk 0:25:44]} 6. cxd5 {[%clk 0:25:56]} c5 {[%clk 0:25:49]} 7. dxc6
{[%clk 0:26:02]} Qxd4 {[%clk 0:25:43]} 8. Qxd4 {[%clk 0:25:54]} Bxd4
{[%clk 0:25:51]} 9. cxb7 {[%clk 0:26:01]} Bxb7 {[%clk 0:25:50]} 10. Nf3
{[%clk 0:26:04]} Bxc3+ {[%clk 0:25:53]} 11. bxc3 {[%clk 0:26:13]} O-O
{[%clk 0:25:57]} 12. e3 {[%clk 0:26:07]} Rc8 {[%clk 0:25:54]} 13. c4
{[%clk 0:26:11]} Bxf3 {[%clk 0:25:16]} 14. gxf3 {[%clk 0:26:19]} Nd7
{[%clk 0:25:24]} 15. f4 {[%clk 0:25:39]} Rab8 {[%clk 0:25:20]} 16. Rd1
{[%clk 0:25:32]} Nc5 {[%clk 0:25:07]} 17. h4 {[%clk 0:24:42]} Rb2
{[%clk 0:24:44]} 18. Rd2 {[%clk 0:24:37]} Rcb8 {[%clk 0:23:47]} 19. f3
{[%clk 0:23:56]} Rb1+ {[%clk 0:22:49]} 20. Kf2 {[%clk 0:22:51]} R8b2
{[%clk 0:22:39]} 21. Rxb2 {[%clk 0:21:04]} Rxb2+ {[%clk 0:22:46]} 22. Kg3
{[%clk 0:21:12]} Rxa2 {[%clk 0:22:37]} 23. h5 {[%clk 0:21:07]} Ra1
{[%clk 0:22:16]} 24. h6 {[%clk 0:20:28]} a5 {[%clk 0:22:00]} 25. Rh2
{[%clk 0:20:28]} Rxf1 {[%clk 0:22:04]} 26. Rb2 {[%clk 0:19:09]} f5
{[%clk 0:20:52]} 27. Rb5 {[%clk 0:19:10]} Ne6 {[%clk 0:20:50]} 28. Rxa5
{[%clk 0:19:13]} Rc1 {[%clk 0:20:46]} 29. Ra4 {[%clk 0:19:02]} Rc3
{[%clk 0:20:47]} 30. Kf2 {[%clk 0:19:08]} Kf7 {[%clk 0:20:54]} 31. Rb4
{[%clk 0:19:05]} Nc5 {[%clk 0:20:56]} 32. Rb8 {[%clk 0:19:05]} Nd7
{[%clk 0:20:34]} 33. Rc8 {[%clk 0:19:00]} Rc2+ {[%clk 0:20:37]} 34. Kf1
{[%clk 0:18:44]} Nf6 {[%clk 0:20:35]} 35. c5 {[%clk 0:18:40]} Ke6
{[%clk 0:20:38]} 36. Rh8 {[%clk 0:18:18]} Rxc5 {[%clk 0:20:43]} 37. e4
{[%clk 0:18:25]} fxe4 {[%clk 0:20:49]} 38. fxe4 {[%clk 0:18:34]} Rc4
{[%clk 0:20:57]} 0-1

[Event "Fredericia - Siauliai"]
[Site "Fredericia"]
[Date "2015.05.05"]
[Round "3.1"]
[White "Friis, FM Carsten Bank"]
[Black "Narmontas, IM Matas"]
[Result "1/2-1/2"]
[BlackElo "2427"]
[WhiteElo "2255"]
[LiveChessVersion "1.4.6"]

1. d4 {[%clk 0:25:19]} d5 {[%clk 0:25:13]} 2. c4 {[%clk 0:25:24]} c6
{[%clk 0:25:22]} 3. Qc2 {[%clk 0:25:31]} Nf6 {[%clk 0:25:19]} 4. Nf3
{[%clk 0:25:38]} a6 {[%clk 0:25:10]} 5. e3 {[%clk 0:25:35]} e6 {[%clk 0:25:07]}
6. Nc3 {[%clk 0:25:40]} Nbd7 {[%clk 0:24:45]} 7. Be2 {[%clk 0:25:38]} dxc4
{[%clk 0:24:45]} 8. Bxc4 {[%clk 0:25:46]} c5 {[%clk 0:24:54]} 9. a3
{[%clk 0:25:31]} b5 {[%clk 0:24:46]} 10. Ba2 {[%clk 0:25:31]} Bb7
{[%clk 0:24:50]} 11. dxc5 {[%clk 0:25:31]} Nxc5 {[%clk 0:23:12]} 12. O-O
{[%clk 0:25:27]} Rc8 {[%clk 0:23:10]} 13. Rd1 {[%clk 0:24:42]} Qc7
{[%clk 0:23:00]} 14. Qe2 {[%clk 0:24:46]} Bd6 {[%clk 0:19:19]} 15. b4
{[%clk 0:23:02]} Bxf3 {[%clk 0:17:46]} 16. gxf3 {[%clk 0:22:58]} Bxh2+
{[%clk 0:17:13]} 17. Kg2 {[%clk 0:22:51]} Be5 {[%clk 0:17:22]} 18. Bb2
{[%clk 0:22:32]} Ncd7 {[%clk 0:17:21]} 19. Rac1 {[%clk 0:22:21]} Qb7
{[%clk 0:16:40]} 20. Bb1 {[%clk 0:20:29]} O-O {[%clk 0:15:18]} 21. Ne4
{[%clk 0:18:59]} Rxc1 {[%clk 0:15:23]} 22. Rxc1 {[%clk 0:18:10]} Bxb2
{[%clk 0:06:50]} 23. Qxb2 {[%clk 0:18:12]} Rd8 {[%clk 0:06:38]} 24. Qd4
{[%clk 0:15:52]} Nxe4 {[%clk 0:05:49]} 25. Bxe4 {[%clk 0:15:48]} Qb6
{[%clk 0:05:58]} 26. Rd1 {[%clk 0:15:24]} Qxd4 {[%clk 0:06:05]} 27. Rxd4
{[%clk 0:15:32]} Kf8 {[%clk 0:06:14]} 28. Rd6 {[%clk 0:15:02]} Ke7
{[%clk 0:06:14]} 29. Rxa6 {[%clk 0:15:07]} Ne5 {[%clk 0:05:50]} 30. f4
{[%clk 0:14:04]} Nc4 {[%clk 0:05:41]} 31. Bc6 {[%clk 0:13:32]} Rb8
{[%clk 0:05:43]} 32. Ra7+ {[%clk 0:12:46]} Kf6 {[%clk 0:05:52]} 33. e4
{[%clk 0:11:29]} e5 {[%clk 0:03:51]} 34. Bd5 {[%clk 0:10:04]} Nd6
{[%clk 0:03:59]} 35. Ra6 {[%clk 0:08:04]} Rd8 {[%clk 0:04:08]} 36. Kf3
{[%clk 0:08:08]} g5 {[%clk 0:04:07]} 37. fxe5+ {[%clk 0:07:31]} Kxe5
{[%clk 0:04:16]} 38. Ke3 {[%clk 0:07:31]} h5 {[%clk 0:02:29]} 39. a4
{[%clk 0:07:19]} bxa4 {[%clk 0:01:44]} 40. Rxa4 {[%clk 0:07:26]} h4
{[%clk 0:00:24]} 41. Ra5 {[%clk 0:06:16]} Kf6 {[%clk 0:00:33]} 42. f4
{[%clk 0:06:04]} gxf4+ {[%clk 0:00:17]} 43. Kxf4 {[%clk 0:06:13]} Ke7
{[%clk 0:00:25]} 44. Ra7+ {[%clk 0:05:46]} Rd7 {[%clk 0:00:34]} 45. Rxd7+
{[%clk 0:05:52]} Kxd7 {[%clk 0:00:43]} 46. e5 {[%clk 0:06:00]} Nb5
{[%clk 0:00:16]} 47. Bxf7 {[%clk 0:06:05]} Ke7 {[%clk 0:00:26]} 48. Bc4
{[%clk 0:05:25]} Nd4 {[%clk 0:00:35]} 49. Bd5 {[%clk 0:02:54]} Ne6+
{[%clk 0:00:44]} 50. Kf5 {[%clk 0:02:33]} Nf8 {[%clk 0:00:47]} 51. b5
{[%clk 0:02:17]} Nd7 {[%clk 0:00:52]} 52. Bg2 {[%clk 0:01:30]} Nb6
{[%clk 0:00:51]} 53. Ke4 {[%clk 0:01:24]} Kd7 {[%clk 0:00:47]} 54. Bh3+
{[%clk 0:01:26]} Kc7 {[%clk 0:00:56]} 55. Kf5 {[%clk 0:01:29]} Nc4
{[%clk 0:00:52]} 56. e6 {[%clk 0:01:07]} Nd6+ {[%clk 0:01:01]} 57. Kf6
{[%clk 0:01:15]} Nxb5 {[%clk 0:01:09]} 58. e7 {[%clk 0:01:15]} Nd6
{[%clk 0:01:18]} 59. Kg5 {[%clk 0:01:24]} Ne8 {[%clk 0:01:21]} 60. Kxh4
{[%clk 0:01:31]} Kd6 {[%clk 0:01:30]} 1/2-1/2

[Event "Fredericia - Siauliai"]
[Site "Fredericia"]
[Date "2015.05.05"]
[Round "3.2"]
[White "Nielsen, GM Peter Heine"]
[Black "Fries Nielsen, IM Jens Ove"]
[Result "1-0"]
[BlackElo "2459"]
[WhiteElo "2654"]
[LiveChessVersion "1.4.6"]

1. e4 {[%clk 0:25:16]} d6 {[%clk 0:25:02]} 2. d4 {[%clk 0:25:21]} a6
{[%clk 0:25:10]} 3. c4 {[%clk 0:25:15]} e5 {[%clk 0:25:18]} 4. Nf3
{[%clk 0:24:27]} Bg4 {[%clk 0:24:45]} 5. d5 {[%clk 0:24:26]} a5 {[%clk 0:24:41]}
6. Nc3 {[%clk 0:24:07]} Na6 {[%clk 0:24:48]} 7. h3 {[%clk 0:23:39]} Bd7
{[%clk 0:24:50]} 8. Be3 {[%clk 0:21:50]} Ne7 {[%clk 0:23:09]} 9. g3
{[%clk 0:21:39]} g6 {[%clk 0:21:59]} 10. h4 {[%clk 0:21:39]} h6 {[%clk 0:21:47]}
11. Nd2 {[%clk 0:21:10]} Bg7 {[%clk 0:21:35]} 12. h5 {[%clk 0:20:54]} f5
{[%clk 0:21:33]} 13. hxg6 {[%clk 0:20:45]} f4 {[%clk 0:21:28]} 14. gxf4
{[%clk 0:20:50]} exf4 {[%clk 0:21:37]} 15. Bxf4 {[%clk 0:20:51]} Nxg6
{[%clk 0:21:32]} 16. Qh5 {[%clk 0:20:31]} Qf6 {[%clk 0:21:11]} 17. Rg1
{[%clk 0:20:11]} O-O {[%clk 0:20:16]} 18. Be3 {[%clk 0:17:17]} Nf4
{[%clk 0:18:59]} 19. Bxf4 {[%clk 0:16:27]} Qxf4 {[%clk 0:19:07]} 20. O-O-O
{[%clk 0:16:29]} Rae8 {[%clk 0:18:49]} 21. Bh3 {[%clk 0:15:38]} Bxh3
{[%clk 0:17:53]} 22. Qxh3 {[%clk 0:15:45]} Nc5 {[%clk 0:17:43]} 23. Rg3
{[%clk 0:14:11]} Nxe4 {[%clk 0:16:28]} 24. Ncxe4 {[%clk 0:12:16]} Rxe4
{[%clk 0:16:37]} 25. Rxg7+ {[%clk 0:11:57]} Kxg7 {[%clk 0:16:42]} 26. Qg2+
{[%clk 0:12:04]} Qg5 {[%clk 0:16:05]} 27. Qxg5+ {[%clk 0:11:35]} 1-0

[Event "Fredericia - Siauliai"]
[Site "Fredericia"]
[Date "2015.05.05"]
[Round "4.1"]
[White "Nielsen, GM Peter Heine"]
[Black "Friis, FM Carsten Bank"]
[Result "1-0"]
[BlackElo "2255"]
[WhiteElo "2654"]
[LiveChessVersion "1.4.6"]

1. e4 {[%clk 0:25:18]} c6 {[%clk 0:25:19]} 2. d4 {[%clk 0:25:22]} d5
{[%clk 0:25:28]} 3. e5 {[%clk 0:25:31]} Bf5 {[%clk 0:25:35]} 4. Nf3
{[%clk 0:25:39]} e6 {[%clk 0:25:40]} 5. Be2 {[%clk 0:25:47]} Nd7 {[%clk 0:25:39]}
6. O-O {[%clk 0:25:50]} h6 {[%clk 0:25:47]} 7. Nbd2 {[%clk 0:25:52]} g5
{[%clk 0:25:53]} 8. Ne1 {[%clk 0:25:44]} Qc7 {[%clk 0:25:45]} 9. Bh5
{[%clk 0:25:37]} Ne7 {[%clk 0:25:43]} 10. Nb3 {[%clk 0:25:36]} Bg6
{[%clk 0:25:45]} 11. f4 {[%clk 0:25:35]} gxf4 {[%clk 0:25:47]} 12. Nd3
{[%clk 0:25:18]} O-O-O {[%clk 0:24:24]} 13. Nxf4 {[%clk 0:25:19]} Bg7
{[%clk 0:23:49]} 14. Bxg6 {[%clk 0:24:49]} Nxg6 {[%clk 0:23:56]} 15. Nxg6
{[%clk 0:24:27]} fxg6 {[%clk 0:24:05]} 16. Rf7 {[%clk 0:24:32]} Bxe5
{[%clk 0:23:32]} 17. dxe5 {[%clk 0:24:32]} Qb6+ {[%clk 0:23:26]} 18. Kh1
{[%clk 0:23:54]} Nxe5 {[%clk 0:23:28]} 19. Rf1 {[%clk 0:23:53]} Rdf8
{[%clk 0:23:01]} 20. Bf4 {[%clk 0:23:54]} Nd7 {[%clk 0:22:16]} 21. Qe2
{[%clk 0:22:48]} e5 {[%clk 0:22:05]} 22. Bg3 {[%clk 0:22:54]} h5 {[%clk 0:21:43]}
23. h3 {[%clk 0:22:57]} Rf5 {[%clk 0:21:37]} 24. c4 {[%clk 0:22:38]} d4
{[%clk 0:21:22]} 25. c5 {[%clk 0:22:10]} Qd8 {[%clk 0:20:59]} 26. Nd2
{[%clk 0:22:04]} Qe7 {[%clk 0:20:05]} 27. Ne4 {[%clk 0:22:00]} Nxc5
{[%clk 0:19:54]} 28. Nxc5 {[%clk 0:22:03]} Qxc5 {[%clk 0:19:58]} 29. Rxf5
{[%clk 0:22:07]} gxf5 {[%clk 0:20:07]} 30. Qxe5 {[%clk 0:22:14]} Qxe5
{[%clk 0:20:13]} 31. Bxe5 {[%clk 0:22:22]} Rd8 {[%clk 0:20:21]} 32. Kh2
{[%clk 0:22:10]} Rd5 {[%clk 0:20:20]} 33. Bf4 {[%clk 0:22:12]} c5
{[%clk 0:20:20]} 34. Kg3 {[%clk 0:22:13]} b5 {[%clk 0:20:20]} 35. Kh4
{[%clk 0:21:48]} c4 {[%clk 0:19:03]} 36. Bd2 {[%clk 0:20:53]} Re5
{[%clk 0:16:30]} 37. Re1 {[%clk 0:20:36]} Rc5 {[%clk 0:16:38]} 38. Bb4
{[%clk 0:20:23]} Rc6 {[%clk 0:16:44]} 39. Kxh5 {[%clk 0:20:13]} c3
{[%clk 0:16:48]} 40. bxc3 {[%clk 0:20:20]} dxc3 {[%clk 0:16:57]} 41. Rc1
{[%clk 0:19:46]} c2 {[%clk 0:17:05]} 42. Kg5 {[%clk 0:19:52]} f4 {[%clk 0:17:07]}
43. h4 {[%clk 0:19:34]} Kd7 {[%clk 0:17:03]} 44. h5 {[%clk 0:19:38]} Ke6
{[%clk 0:17:11]} 45. Bd2 {[%clk 0:18:45]} f3 {[%clk 0:17:01]} 46. gxf3
{[%clk 0:18:45]} Kd5 {[%clk 0:17:09]} 47. h6 {[%clk 0:18:45]} Rc7
{[%clk 0:17:00]} 48. Ba5 {[%clk 0:18:45]} Rc8 {[%clk 0:16:57]} 49. h7
{[%clk 0:18:52]} 1-0

[Event "Fredericia - Siauliai"]
[Site "Fredericia"]
[Date "2015.05.05"]
[Round "4.2"]
[White "Fries Nielsen, IM Jens Ove"]
[Black "Narmontas, IM Matas"]
[Result "0-1"]
[BlackElo "2427"]
[WhiteElo "2459"]
[LiveChessVersion "1.4.6"]

1. d4 {[%clk 0:25:11]} d5 {[%clk 0:25:19]} 2. Nc3 {[%clk 0:25:19]} Nf6
{[%clk 0:25:27]} 3. Bf4 {[%clk 0:25:27]} e6 {[%clk 0:25:34]} 4. e3
{[%clk 0:25:27]} a6 {[%clk 0:25:17]} 5. a3 {[%clk 0:25:26]} c5 {[%clk 0:25:19]}
6. g4 {[%clk 0:25:24]} Nc6 {[%clk 0:25:15]} 7. g5 {[%clk 0:25:25]} Ng8
{[%clk 0:23:58]} 8. h4 {[%clk 0:25:25]} Bd6 {[%clk 0:21:49]} 9. Bxd6
{[%clk 0:24:48]} Qxd6 {[%clk 0:21:58]} 10. Na4 {[%clk 0:24:48]} cxd4
{[%clk 0:21:13]} 11. exd4 {[%clk 0:24:56]} Nge7 {[%clk 0:19:18]} 12. Nf3
{[%clk 0:25:03]} Nf5 {[%clk 0:18:27]} 13. Bh3 {[%clk 0:24:00]} Nfxd4
{[%clk 0:17:42]} 14. Nxd4 {[%clk 0:23:05]} Qe5+ {[%clk 0:17:52]} 15. Ne2
{[%clk 0:23:14]} Qe4 {[%clk 0:18:01]} 16. O-O {[%clk 0:23:22]} Qxa4
{[%clk 0:17:18]} 17. b4 {[%clk 0:23:31]} Qb5 {[%clk 0:16:28]} 18. Re1
{[%clk 0:23:20]} O-O {[%clk 0:15:43]} 19. f4 {[%clk 0:21:40]} Qb6+
{[%clk 0:15:42]} 20. Kg2 {[%clk 0:21:48]} Bd7 {[%clk 0:15:41]} 21. c3
{[%clk 0:21:28]} Ne7 {[%clk 0:15:04]} 22. Nd4 {[%clk 0:21:34]} Ng6
{[%clk 0:14:21]} 23. Qd2 {[%clk 0:20:50]} Qc7 {[%clk 0:13:56]} 24. Rf1
{[%clk 0:20:59]} Nxh4+ {[%clk 0:11:44]} 25. Kg3 {[%clk 0:21:08]} Ng6
{[%clk 0:11:52]} 26. Rae1 {[%clk 0:20:37]} Rae8 {[%clk 0:11:24]} 27. Kh2
{[%clk 0:18:50]} e5 {[%clk 0:11:12]} 28. Bxd7 {[%clk 0:18:47]} Qxd7
{[%clk 0:11:15]} 29. fxe5 {[%clk 0:18:54]} Rxe5 {[%clk 0:11:00]} 30. Rxe5
{[%clk 0:18:56]} Nxe5 {[%clk 0:11:09]} 31. Nf5 {[%clk 0:18:59]} Nc6
{[%clk 0:08:46]} 32. Qf4 {[%clk 0:18:28]} Re8 {[%clk 0:07:33]} 33. Rf2
{[%clk 0:16:52]} Qe6 {[%clk 0:04:20]} 34. Ng3 {[%clk 0:14:45]} Ne5
{[%clk 0:03:47]} 35. Re2 {[%clk 0:14:54]} f6 {[%clk 0:03:40]} 36. Kg2
{[%clk 0:14:34]} fxg5 {[%clk 0:02:33]} 37. Qxg5 {[%clk 0:14:43]} Qf6
{[%clk 0:02:23]} 38. Qxf6 {[%clk 0:13:22]} gxf6 {[%clk 0:02:31]} 39. Nf5
{[%clk 0:13:31]} Rd8 {[%clk 0:02:16]} 40. Kf1 {[%clk 0:13:25]} Rd7
{[%clk 0:01:28]} 41. Rg2+ {[%clk 0:13:34]} Ng6 {[%clk 0:01:06]} 42. Ke2
{[%clk 0:13:38]} Kf7 {[%clk 0:01:11]} 43. Kd2 {[%clk 0:13:46]} Ke6
{[%clk 0:01:13]} 44. Nd4+ {[%clk 0:13:54]} Kd6 {[%clk 0:01:05]} 45. Rh2
{[%clk 0:14:03]} Rf7 {[%clk 0:01:07]} 46. Rh5 {[%clk 0:14:07]} Ne7
{[%clk 0:00:34]} 47. Rh6 {[%clk 0:14:12]} Nc6 {[%clk 0:00:38]} 48. Nf5+
{[%clk 0:14:20]} Ke5 {[%clk 0:00:37]} 49. Rh5 {[%clk 0:14:26]} Ke6
{[%clk 0:00:26]} 50. a4 {[%clk 0:14:31]} Rc7 {[%clk 0:00:29]} 51. b5
{[%clk 0:14:10]} axb5 52. axb5 Ne5 {[%clk 0:00:42]} 53. Nd4+ {[%clk 0:14:28]} Kd6
{[%clk 0:00:50]} 54. Rh6 {[%clk 0:14:33]} Rf7 {[%clk 0:00:41]} 55. Rh5
{[%clk 0:14:31]} Kc5 {[%clk 0:00:41]} 56. Kc2 {[%clk 0:14:00]} Nc4
{[%clk 0:00:34]} 57. Rh1 {[%clk 0:13:58]} Nd6 {[%clk 0:00:37]} 58. Rb1
{[%clk 0:13:50]} h5 {[%clk 0:00:34]} 59. b6 {[%clk 0:13:51]} Re7 {[%clk 0:00:30]}
60. Rh1 {[%clk 0:13:51]} Re5 {[%clk 0:00:27]} 61. Nf3 {[%clk 0:13:52]} Rf5
{[%clk 0:00:33]} 62. Nd4 {[%clk 0:14:02]} Rf2+ {[%clk 0:00:31]} 63. Kd3
{[%clk 0:14:11]} Nc4 {[%clk 0:00:20]} 64. Nb3+ {[%clk 0:14:07]} Kxb6
{[%clk 0:00:18]} 65. Rxh5 {[%clk 0:14:16]} Ne5+ {[%clk 0:00:17]} 66. Kd4
{[%clk 0:14:15]} Rb2 {[%clk 0:00:22]} 67. Nc1 {[%clk 0:13:50]} Rd2+
{[%clk 0:00:30]} 68. Ke3 {[%clk 0:13:58]} Rd1 {[%clk 0:00:38]} 69. Ne2
{[%clk 0:13:54]} Rd3+ {[%clk 0:00:38]} 70. Kf4 {[%clk 0:13:53]} Rf3#
{[%clk 0:00:35]} 0-1